Normal view
MARC view
- COMPOSITE BEAM SYSTEMS-STRUCTURAL ANALYSIS
Entry Topical Term
001 - CONTROL NUMBER
- control field: 56076
003 - CONTROL NUMBER IDENTIFIER
- control field: NUST
005 - DATE AND TIME OF LATEST TRANSACTION
- control field: 20210628201627.0
008 - FIXED-LENGTH DATA ELEMENTS
- fixed length control field: 210628|| aca||aabn | a|a d
040 ## - CATALOGING SOURCE
- Original cataloging agency: NUST
- Transcribing agency: NUST
150 ## - HEADING--TOPICAL TERM
- Topical term or geographic name entry element: COMPOSITE BEAM SYSTEMS-STRUCTURAL ANALYSIS
670 ## - SOURCE DATA FOUND
- Source citation: Work cat.: (NUST): Bulavs, F.Ya Gurvich, M.R Kruklinsh, A.A 56075, Structural analysis of composite beam systems, 1991
